La formación de una contracultura /

Gespeichert in:
Bibliographische Detailangaben
1. Verfasser: Schifter Sikora, Jacobo
Format: Unbekannt
Sprache:Spanish
Veröffentlicht: San José, Costa Rica : Ediciones Guayacán, 1989.
Schlagworte:
Tags: Tag hinzufügen
Keine Tags, Fügen Sie den ersten Tag hinzu!

MARC

LEADER 000000000a22000000004500
001 009516
020 |a 9977978360 
041 0 |a spa 
082 0 4 |a 306.76   |b S333f 
100 1 |a Schifter Sikora, Jacobo 
245 1 3 |a La formación de una contracultura /   |c Jacobo Schifter Sikora. 
260 1 |a San José, Costa Rica :   |b Ediciones Guayacán,   |c 1989. 
300 |a 318 páginas ;   |c 21 x 13 cm. 
650 4 |a HOMOSEXUALIDAD 
650 4 |a SIDA 
650 4 |a COSTA RICA 
999 |c 15749  |d 15749 
942 |c BK  |h 306.76 S333f  |2 z